<?xml version="1.0" encoding="UTF-8"?><?xml-stylesheet type="text/xsl" href="static/style.xsl"?><OAI-PMH xmlns="http://www.openarchives.org/OAI/2.0/" xmlns:xsi="http://www.w3.org/2001/XMLSchema-instance" xsi:schemaLocation="http://www.openarchives.org/OAI/2.0/ http://www.openarchives.org/OAI/2.0/OAI-PMH.xsd"><responseDate>2026-04-27T19:52:38Z</responseDate><request verb="GetRecord" identifier="oai:uvadoc.uva.es:10324/29085" metadataPrefix="marc">https://uvadoc.uva.es/oai/request</request><GetRecord><record><header><identifier>oai:uvadoc.uva.es:10324/29085</identifier><datestamp>2021-07-06T08:34:04Z</datestamp><setSpec>com_10324_31661</setSpec><setSpec>com_10324_952</setSpec><setSpec>com_10324_894</setSpec><setSpec>com_10324_1170</setSpec><setSpec>com_10324_931</setSpec><setSpec>col_10324_31662</setSpec><setSpec>col_10324_1367</setSpec></header><metadata><record xmlns="http://www.loc.gov/MARC21/slim" xmlns:doc="http://www.lyncode.com/xoai" xmlns:xsi="http://www.w3.org/2001/XMLSchema-instance" xmlns:dcterms="http://purl.org/dc/terms/" xsi:schemaLocation="http://www.loc.gov/MARC21/slim http://www.loc.gov/standards/marcxml/schema/MARC21slim.xsd">
<leader>00925njm 22002777a 4500</leader>
<datafield tag="042" ind1=" " ind2=" ">
<subfield code="a">dc</subfield>
</datafield>
<datafield tag="720" ind1=" " ind2=" ">
<subfield code="a">Segovia Puras, José Juan</subfield>
<subfield code="e">author</subfield>
</datafield>
<datafield tag="720" ind1=" " ind2=" ">
<subfield code="a">Lozano Martín, Daniel</subfield>
<subfield code="e">author</subfield>
</datafield>
<datafield tag="720" ind1=" " ind2=" ">
<subfield code="a">Martín González, María del Carmen</subfield>
<subfield code="e">author</subfield>
</datafield>
<datafield tag="720" ind1=" " ind2=" ">
<subfield code="a">Chamorro Camazón, César Rubén</subfield>
<subfield code="e">author</subfield>
</datafield>
<datafield tag="720" ind1=" " ind2=" ">
<subfield code="a">Villamañán Olfos, Miguel Ángel</subfield>
<subfield code="e">author</subfield>
</datafield>
<datafield tag="720" ind1=" " ind2=" ">
<subfield code="a">Pérez, Eduardo</subfield>
<subfield code="e">author</subfield>
</datafield>
<datafield tag="720" ind1=" " ind2=" ">
<subfield code="a">García Izquierdo, Carmen</subfield>
<subfield code="e">author</subfield>
</datafield>
<datafield tag="720" ind1=" " ind2=" ">
<subfield code="a">Campo, Dolores del</subfield>
<subfield code="e">author</subfield>
</datafield>
<datafield tag="260" ind1=" " ind2=" ">
<subfield code="c">2017</subfield>
</datafield>
<datafield tag="520" ind1=" " ind2=" ">
<subfield code="a">A new determination of the molar gas constant was performed from measurements of the speed of sound in argon at the triple point of water and extrapolation to zero pressure. A new resonant cavity was used. This is a triaxial ellipsoid whose walls are gold-coated steel and which is divided into two identical halves that are bolted and sealed with an O-ring. Microwave and electroacoustic traducers are located in the northern and southern parts of the cavity, respectively, so that measurements of microwave and acoustic frequencies are carried out in the same experiment. Measurements were taken at pressures from 600 kPa to 60 kPa and at 273.16 K. The internal equivalent radius of the cavity was accurately determined by microwave measurements and the first four radial symmetric acoustic modes were simultaneously measured and used to calculate the speed of sound. The improvements made using the new cavity have reduced by half the main contributions to the uncertainty due to the radius determination using microwave measurements which amounts to 4.7 parts in 106 and the acoustic measurements, 4.4 parts in 106, where the main contribution (3.7 parts in 106) is the relative excess half-widths associated with the limit of our acoustic model, compared with our previous measurements. As a result of all the improvements with the new cavity and the measurements performed, we determined the molar gas constant R = (8.314449  0.000056) J·K-1·mol-1 which corresponds to a relative standard uncertainty of 6.7 parts in 106. The value reported in this paper lies -1.3 parts in 106 below the recommended value of CODATA 2014, although still within the range consistent with it.</subfield>
</datafield>
<datafield tag="024" ind2=" " ind1="8">
<subfield code="a">Metrologia 54 (2017) 663-673</subfield>
</datafield>
<datafield tag="024" ind2=" " ind1="8">
<subfield code="a">1681-7575</subfield>
</datafield>
<datafield tag="024" ind2=" " ind1="8">
<subfield code="a">http://uvadoc.uva.es/handle/10324/29085</subfield>
</datafield>
<datafield tag="024" ind2=" " ind1="8">
<subfield code="a">10.1088/1681-7575/aa7c47</subfield>
</datafield>
<datafield tag="024" ind2=" " ind1="8">
<subfield code="a">663</subfield>
</datafield>
<datafield tag="024" ind2=" " ind1="8">
<subfield code="a">54</subfield>
</datafield>
<datafield tag="024" ind2=" " ind1="8">
<subfield code="a">673</subfield>
</datafield>
<datafield tag="024" ind2=" " ind1="8">
<subfield code="a">Updated determination of the molar gas constant R by acoustic measurements in argon at UVa-CEM.</subfield>
</datafield>
<datafield tag="024" ind2=" " ind1="8">
<subfield code="a">54</subfield>
</datafield>
<datafield ind1=" " ind2=" " tag="653">
<subfield code="a">Termodinámica</subfield>
</datafield>
<datafield tag="245" ind1="0" ind2="0">
<subfield code="a">Updated determination of the molar gas constant R by acoustic measurements in argon at UVa-CEM.</subfield>
</datafield>
</record></metadata></record></GetRecord></OAI-PMH>